Highest-Grossing SNL Cast Members Quiz Stats

 Plays Quiz Updated Nov 5, 2018

Also try: SNL Cast Members
Challenge
Share
Tweet
Embed
Score 0/10 Timer 03:00
5 Plays Today
Box Office Cast Member % Correct
$4,850,000,000Adam Sandler
73.3%
$6,697,000,000Eddie Murphy
66.7%
$4,331,100,000Mike Myers
56%
$4,203,926,426Dan Aykroyd
40.4%
$3,306,100,000Chris Rock
40.3%
$4,253,632,621Amy Poehler
33.7%
$5,363,600,000Kristen Wiig
31.3%
$8,049,653,745Bill Hader
13%
$11,678,500,000Robert Downey, Jr.
12.4%
$3,815,331,424Joan Cusack
4.1%

You're not logged in!

Compare scores with friends on all Sporcle quizzes.
OR
Log In

You Might Also Like...

Show Comments

Extras

Top Quizzes Today


Score Distribution

Your Account Isn't Verified!

In order to create a playlist on Sporcle, you need to verify the email address you used during registration. Go to your Sporcle Settings to finish the process.

Report this User

Report this user for behavior that violates our Community Guidelines.

Details: